000 00635nam a2200229Ia 4500
003 OSt
005 20220927105735.0
006 a|||||r|||| 00| 0
007 ta
008 220926b |||||||| |||| 00| 0 eng d
024 _a197651
037 _cReference Collections
040 _aRTL
_cRTL
_beng
041 _2eng
_aeng
082 _a"X62.1,hN46, P6/UN"
100 _aWORLD BANK
245 0 _aRajasthan closing the development gap
260 _aWashington
_b"D.C. World Bank, "
_c2006
300 _a115p
_ccm.
942 _h"X62.1,hN46, P6/UN"
_cCC
999 _c694296
_d694296